000 00677nam a2200253Ia 4500
003 OSt
005 20221007101118.0
006 a|||||r|||| 00| 0
007 ta
008 221006b |||||||| |||| 00| 0 eng d
024 _a5,855
037 _cTextual
040 _aLCO
_cLCO
_beng
041 _2eng
_aeng
082 _aV2-3.3:58(442), L3.4
100 _aMANSERGH NICHOLAS
245 0 _aThe Transfer of Power.1942-47
260 _aLondon
_bH. M.S. O.
_c1973
300 _a1295
490 _vVol-4
650 _aTRANSFER OF POWER
942 _hV2-3.3:58(442), L3.4
_cTEXL
999 _c1175418
_d1175418